Agentúra dočasného zamestnávania

Agentúra dočasného zamestnávania (ADZ) - FO alebo PO, ktorá zamestnáva občana v pracovnom pomere na účel jeho pridelenia k užívateľskému zamestnávateľovi na území SR na výkon práce pod jeho dohľadom a vedením alebo na účel jeho vyslania podľa osobitného predpisu. Podmienky povolenia vykonávať túto č...

Full description

Saved in:
Bibliographic Details
Main Author: Šukalová, Viera
Format: Book Chapter
Language:Slovak
Subjects:
Tags: Add Tag
No Tags, Be the first to tag this record!

MARC

LEADER 00000naa a2200000 4500
001 0208808
005 20231120135241.9
041 0 |a slo 
044 |a SK 
245 1 0 |a Agentúra dočasného zamestnávania  |c Viera Šukalová 
520 |a Agentúra dočasného zamestnávania (ADZ) - FO alebo PO, ktorá zamestnáva občana v pracovnom pomere na účel jeho pridelenia k užívateľskému zamestnávateľovi na území SR na výkon práce pod jeho dohľadom a vedením alebo na účel jeho vyslania podľa osobitného predpisu. Podmienky povolenia vykonávať túto činnosť. 
610 2 0 |a služby zamestnanosti 
610 2 0 |a agentúry 
100 1 |a Šukalová, Viera